| 000 | 00474nam a22001937a 4500 | ||
|---|---|---|---|
| 003 | koha_MIRAKIL | ||
| 005 | 20231213095953.0 | ||
| 008 | 231213b |||||||| |||| 00| 0 ||| d | ||
| 020 | _b978-9-94412203-0 | ||
| 040 |
_aTR-IsEVY _btur _cTR-IsEVY |
||
| 082 | _a891.7092 GOR/E | ||
| 100 | _aGorki, Maksim. | ||
| 245 | 0 | _aEdebi portreler | |
| 260 |
_bYordam Kitap, _c2007 |
||
| 300 | _a363 s. | ||
| 650 | _aRus romanı. | ||
| 650 | _aRussian fiction. | ||
| 942 |
_2ddc _cBK |
||
| 999 |
_c12407 _d12407 |
||